000 00293nam a22001337a 4500
008 180807b xxu||||| |||| 00| 0 eng d
082 _a813.52
245 _aThe Marketing Game!
_cMason,Ch.H
260 _c2002
300 _a1
_fCD
440 _x0072512334
760 _b3rd
942 _2ddc
_cMX
999 _c46889
_d46889